Problémy súvisiace so sortimentom potravín určených pre celiatikov

Identifikovnie problémov súvisiacich so sortimentom potravín vhodných pre celiatikov a komparácia ich ceny s konvenčnými potravinami. Názory spotrebiteľov na daný sortiment.

Salvato in:
Dettagli Bibliografici
Autore principale: Lacková, Alica
Natura: Capitolo di libro
Lingua:slovacco
Soggetti:
Tags: Aggiungi Tag
Nessun Tag, puoi essere il primo ad aggiungerne!!

MARC

LEADER 00000naa a2200000 4500
001 0225755
005 20240502073713.2
041 0 |a slo 
044 |a SK 
245 1 0 |a Problémy súvisiace so sortimentom potravín určených pre celiatikov  |c Alica Lacková 
520 |a Identifikovnie problémov súvisiacich so sortimentom potravín vhodných pre celiatikov a komparácia ich ceny s konvenčnými potravinami. Názory spotrebiteľov na daný sortiment. 
610 2 0 |a kvalita tovaru 
610 2 0 |a výrobky 
610 2 0 |a potraviny 
610 2 0 |a ochrana zdravia 
610 2 0 |a spotrebitelia 
610 2 0 |a politika spotrebiteľská 
100 1 |a Lacková, Alica